00796nam a2200229 a 450000100100000000500170001000800410002702000150006804000250008308200180010810000290012624500680015526000340022330000210025749000260027865000280030465000310033283000330036391000370039695201160043399900170054900004240420201002040131.0131128d1995 mx 000 d spa d a950511180X aDO-SdBNPbspacBNPHU aA863.4bC827a1 aCortázar, Julio92278210aAdiós, Robinson :by otras piezas breves /cJulio Cortázar. aMéxico :bAlfaguara,c1995. a170 p. ;c22 cm.1 aBiblioteca Cortázar 4aTeatro argentina969520 4aLiteratura argentina93860 0aBiblioteca Cortázar946676 aValidado. Control de calidad MFF 001050718MOaGRbGRcHDd2013-11-28iLF1l0oA863.4 C827ap42404-10r2020-06-25w2020-06-25y1ZNo se presta c41893d41893